Central Library OPAC University of Rajshahi

Globalization : (Record no. 52287)

MARC details
000 -LEADER
fixed length control field 00835nam a2200265 a 4500
001 - CONTROL NUMBER
control field 52287
003 - CONTROL NUMBER IDENTIFIER
rucl marc code BD-RjUL
005 - DATE AND TIME OF LATEST TRANSACTION
control field 20211209075759.0
008 - FIXED-LENGTH DATA ELEMENTS--GENERAL INFORMATION
fixed length control field 160906s2009 enkabe b 001 0 eng
020 ## - INTERNATIONAL STANDARD BOOK NUMBER
International Standard Book Number 9780199552269 (pbk.)
International Standard Book Number 0199552266 (pbk.)
035 ## - SYSTEM CONTROL NUMBER
System control number (BD-RjUL)52407
040 ## - CATALOGING SOURCE
Original cataloging agency UKM
Transcribing agency UKM
Modifying agency BD-RjUL
Language of cataloging eng
041 ## - LANGUAGE CODE
Language code of text/sound track or separate title eng
082 04 - DEWEY DECIMAL CLASSIFICATION NUMBER
Classification number 303.482
Edition number 23
Author mark and year STG 2009
100 1# - MAIN ENTRY--PERSONAL NAME
Personal name Steger, Manfred B.,
Dates associated with a name 1961-
9 (RLIN) 156446
245 10 - TITLE STATEMENT
Title Globalization :
Remainder of title a very short introduction /
Statement of responsibility, etc. Manfred B. Steger.
250 ## - EDITION STATEMENT
Edition statement Fully updated new ed.
260 ## - PUBLICATION, DISTRIBUTION, ETC. (IMPRINT)
Place of publication, distribution, etc. Oxford ;
-- New York :
Name of publisher, distributor, etc. Oxford University Press,
Date of publication, distribution, etc. c2009
300 ## - PHYSICAL DESCRIPTION
Pagination xix, 147 p. :
Illustrations ill. ;
Size 18 cm.
500 ## - GENERAL NOTE
General note Previous ed.: 2003.
504 ## - BIBLIOGRAPHY, ETC. NOTE
Bibliography, etc Includes bibliographical references (p. 136-142) and index.
650 #0 - SUBJECT ADDED ENTRY--TOPICAL TERM
Topical term or geographic name as entry element Globalization.
9 (RLIN) 156447
942 ## - ADDED ENTRY ELEMENTS (KOHA)
Source of classification or shelving scheme Dewey Decimal Classification
Koha item type Books
Holdings
Lost status Source of classification or shelving scheme Damaged status Not for loan Collection code Permanent Location Current Location Shelving location Date acquired Source of acquisition Cost, normal purchase price Total Checkouts Full call number Date last seen Copy number Koha item type
  Dewey Decimal Classification     Non-fiction Central Library, University of Rajshahi Central Library, University of Rajshahi   05/02/2011 Dhaka, paragon ent. 7.99   303.482 STG 2009 07/09/2016 C-2 Books
  Dewey Decimal Classification     Non-fiction Central Library, University of Rajshahi Central Library, University of Rajshahi   04/12/2010 Dhaka paragon enterprises ltd. 7.99   303.482 STG 2009 20/12/2016 C-3 Books